| 000 | 00867nam a2200253 i 4500 | ||
|---|---|---|---|
| 001 | 171912 | ||
| 003 | ES-MaACL | ||
| 005 | 20250818131150.0 | ||
| 008 | 090608s1975 sp af |||| |bspa d | ||
| 020 | _a84-225-0552-5 | ||
| 080 | _a32:92 Maura, Antonio | ||
| 100 | 1 |
_aSanz Agüero, Marcos. _9103601 |
|
| 245 | 1 | 0 |
_aAntonio Maura / _cMarcos Sanz Agüero. |
| 260 |
_aMadrid : _bCírculo de Amigos de la Historia, _c[1975] |
||
| 300 |
_a244 p., 12 h. lám. : _bil. ; _c18 cm. |
||
| 490 | 1 | _aFiguras singulares de la Historia de España | |
| 504 | _aBibliografía. | ||
| 595 | _aTirada exclusivamente reservada a los suscriptores. | ||
| 600 | 1 | 4 |
_aMaura y Montaner, Antonio, _d1853-1925 _979224 |
| 700 | 2 |
_a _9241913 |
|
| 830 | 1 |
_aFiguras singulares de la historia de España _9223234 |
|
| 852 |
_aES-MaACL _jG-10690 |
||
| 999 |
_c171912 _d171912 |
||